Introduction to Data Mining / (Record no. 41286)

MARC details
000 -LEADER
fixed length control field 00669nam a22001937a 4500
005 - DATE AND TIME OF LATEST TRANSACTION
control field 20100812121831.0
010 ## - LCCN (DPL NO)
LC control number ENG-99919
020 ## - INTERNATIONAL STANDARD BOOK NUMBER
International Standard Book Number 9788190786180
Terms of availability 120.00
035 ## - SYSTEM CONTROL NUMBER
System control number EN-83451
037 ## - SOURCE OF ACQUISITION
Source of stock number/acquisition DBAD/PUB
082 ## - DEWEY DECIMAL CLASSIFICATION NUMBER
Classification number 006.312
100 ## - MAIN ENTRY--PERSONAL NAME
Personal name Nagadeepa, N
245 ## - TITLE STATEMENT
Title Introduction to Data Mining /
Statement of responsibility, etc by N Nagadeepa
260 ## - PUBLICATION, DISTRIBUTION, ETC. (IMPRINT)
Place of publication, distribution, etc Chennai
Name of publisher, distributor, etc Arul Pathippagam
Date of publication, distribution, etc 2009
270 ## - ADDRESS
Address 66, Periyar Street M G R Nagar
City Chennai
Postal code 600078
300 ## - PHYSICAL DESCRIPTION
Extent 134p
Dimensions 21cm(pbk)
942 ## - ADDED ENTRY ELEMENTS (KOHA)
Source of classification or shelving scheme Dewey Decimal Classification
Item type English Books
Classification part 006.312
Call number suffix NAG
Holdings
Withdrawn status Lost status Not for loan Collection code Home library Current library Date acquired Source of acquisition Cost, normal purchase price Full call number Barcode Copy number Cost, replacement price Koha item type
    Not For Loan Non-fiction D.B.Act.Division D.B.Act.Division 12/08/2010 DBAD/PUB 120.00 006.312 NAG EN-83451 1 120.00 English Books

© Delhi Public Library
Hit Counter
free hit counter